Quick Pick: Real Crayola Colors Quiz Stats

Quiz Updated Mar 23, 2018

Challenge
Share
Tweet
Embed
Score 0/10 Timer 01:30
0 Plays Today
% Correct
Burnt Sienna
83.6%
Tickle Me Pink
82.2%
Robin's Egg Blue
80.5%
Purple Mountains' Majesty
64.2%
Macaroni and Cheese
60.9%
Laser Lemon
60%
Neon Carrot
48.5%
Mauvelous
39.4%
Fuzzy Wuzzy
36%
Inchworm
24.5%

Today's Daily Dose

You're not logged in!

Compare scores with friends on all Sporcle quizzes.
Sign Up with Email
OR
Log In

You Might Also Like...

Show Comments

Extras

Top Quizzes Today


Score Distribution

Your Account Isn't Verified!

In order to create a playlist on Sporcle, you need to verify the email address you used during registration. Go to your Sporcle Settings to finish the process.

Report this User

Report this user for behavior that violates our Community Guidelines.

Details: